000 00539nam a2200169Ia 4500
001 9921
003 GE_BSU
008 181216s||||||||xx |||||||||||||| ||und||
040 _cGE_BSU
245 _aცხოვრება და კანონი. №1(18) იანვარი–მარტი 2014.
245 _cმთ.რედ: ო.გამყრელიძე
260 _aთბილისი
260 _c2014
300 _a40გვ;29სმ.
653 _aცხოვრება და კანონი
942 _cCR
999 _c43196
_d43196